000
00298nam a22001217a 4500
082
_a
894.812.3
_b
KAN/O
100
_a
KANAKA RAGAVAN
245
_a
ORISSA KADAKAL
_b
INDIAN NADIDI KADAKAL
260
_a
THRISSUR
_b
H&C PUBLISHING
300
_a
48
650
_a
MALAYALAM SHORT STORIES
_z
KERALA
942
_c
BK
999
_c
1145
_d
1145